Vista normal
Vista MARC
Entrada Materia (personas)
Número de registros utilizados en: 1
001 - CONTROL NUMBER
- control field: 43196
003 - CONTROL NUMBER IDENTIFIER
- control field: Co-BoUCM
005 - DATE AND TIME OF LATEST TRANSACTION
- control field: 20130821081422.0
008 - FIXED-LENGTH DATA ELEMENTS
- fixed length control field: 130821|| aca||aabn | a|a d
040 ## - CATALOGING SOURCE
- Original cataloging agency: Co-BoUCM
- Transcribing agency: Co-BoUCM
100 ## - HEADING--PERSONAL NAME
- Personal name: Ibáñez, Jesús
- Relator term: compilador
670 ## - SOURCE DATA FOUND
- Source citation: Work cat.: (Co-BoUCM)91636: El análisis de la realidad social, 2005